Paint the Hogwarts Crest Quiz Stats

 Plays Quiz Updated Jul 31, 2017

Support Sporcle.
Go Orange.
Score 0/30 Timer 06:00
4 Plays Today
% Correct
Platform 9 3/4
94.3%
Witchcraft
94.3%
Wizardry
94.2%
Severus Snape
93%
Hogwarts Express
92.9%
Godric Gryffindor
91.1%
Minerva McGonagall
90.6%
Salazar Slytherin
88.7%
Helga Hufflepuff
86.4%
Rowena Ravenclaw
82.8%
Pomona Sprout
81.9%
Hermione Granger
81.5%
Filius Flitwick
77.5%
Transfiguration
75.6%
Rowena Ravenclaw's Diadem
75.1%
% Correct
Hufflepuff's Cup
74.1%
Draco Malfoy
72.8%
Ronald Weasley
72%
Herbology
71.8%
Charms
69.6%
Pansy Parkinson
61.6%
Hogwarts Kitchens
60.5%
Cho Chang
60%
Room of Requirement
59.2%
Helena Ravenclaw
54.1%
Hannah Abbott
53.6%
Ernie Macmillan
44.3%
Padma Patil
44%
Roger Davies
30.6%
Anthony Goldstein
25.9%

You're not logged in!

Compare scores with friends on all Sporcle quizzes.
OR
Log In
Forgot?

From the Vault

Most Densely Populated States

by bmurphy

Just how many people can we pack into these states?
Remove Ads.
Support Sporcle.
Get the best of Sporcle when you Go Orange. This ad-free experience offers more features, more stats, and more fun while also helping to support Sporcle. Thank you for becoming a member.

Show Comments

Extras

Top Quizzes Today


Score Distribution

Your Account Isn't Verified!

In order to create a playlist on Sporcle, you need to verify the email address you used during registration. Go to your Sporcle Settings to finish the process.

Report this User

Report this user for behavior that violates our Community Guidelines.

Details: